Municipis de la comarca del Moianès (Catalunya) - Statistics

General Stats
  • This quiz has been taken 360 times
  • The average score is 7 of 10
Answer Stats
Hint Answer % Correct
M Moià
99%
C Castellterçol
77%
E L'Estany
74%
C Calders
70%
C Collsuspina
68%
M Monistrol de Calders
67%
S Santa Maria d'Oló
66%
S Sant Quirze Safaja
65%
C Castellcir
64%
G Granera
64%
No matching quizzes found
Score Distribution
Percent of People with Each Score
Percentile by Number Answered
Your Score History
You have not taken this quiz